000 00691nam a2200253Ia 4500
003 OSt
005 20221005093550.0
006 a|||||r|||| 00| 0
007 ta
008 221004b |||||||| |||| 00| 0 eng d
020 _a8172232993
024 _a77724
037 _cTextual
040 _aCRL
_cCRL
_beng
041 _2eng
_aeng
082 _aV2:51xM91x, N7
100 _aShourie Arun
245 0 _aWorshipping false Gods
_b Ambedkar, and the facts which have been erased
260 _aNoida
_bHarper Collins India
_c1997
300 _a663p.
_ccm.
650 _aHISTORY
942 _hV2:51xM91x, N7
_cTEXL
_2cc
999 _c1000625
_d1000625